[Event "Challenge"]
[Site "http://www.queenalice.com/game.php?id=1595137"]
[Date "2020.1.4"]
[Round "-"]
[White "maurice91"]
[Black "Alain91"]
[Result "0-1"]
[WhiteElo "1846"]
[BlackElo "2104"]

1. d4 d5 2. Bf4 e6 3. Nf3 Nf6 4. Nbd2 Bd6 5. Ne5 O-O 6. Ndf3 Nc6 7. e3 Nd7 8.
Bb5 Ncxe5 9. dxe5 Be7 10. h4 c6 11. Ba4 f6 12. g4 fxe5 13. Nxe5 Nxe5 14. Bxe5
Bd6 15. Bxd6 Qxd6 16. c3 e5 17. Bc2 e4 18. Qe2 Rf3 19. g5 Bg4 20. Qd2 Raf8 21.
Rf1 Qh2 22. O-O-O Rxf2 23. Rxf2 Rxf2 24. Bxe4 Rxd2 25. Bxd5+ Rxd5 0-1

[Event "Challenge"]
[Site "http://www.queenalice.com/game.php?id=1595280"]
[Date "2020.1.5"]
[Round "-"]
[White "maurice91"]
[Black "Alain91"]
[Result "0-1"]
[WhiteElo "1815"]
[BlackElo "2116"]

1. d4 d5 2. Bf4 e6 3. Nf3 Bd6 4. Ne5 Ne7 5. c4 f6 6. c5 Bxe5 7. dxe5 fxe5 8.
Bxe5 O-O 9. e4 Nbc6 10. Bg3 dxe4 11. Nc3 e3 12. fxe3 Nd5 13. Nxd5 exd5 14. Qb3
Na5 15. Qc3 Nc6 16. Bd3 Qg5 17. Kd2 Bg4 18. Raf1 Rfe8 19. Bf4 Qh5 20. h3 Be6 21.
g4 Qh4 22. Bxc7 d4 23. exd4 Kh8 24. Bf4 Rad8 25. Be3 Bd5 26. Rh2 Rd7 27. Bf5
Rde7 28. Re2 Qxh3 29. Rff2 Qg3 30. Rh2 h6 31. a3 Rxe3 32. Rxh6+ gxh6 33. Rxe3
Qf2+ 34. Kd1 Rxe3 35. Qd2 Bf3+ 36. Kc2 Re2 37. Qxe2 Qxe2+ 38. Kc3 Qe1+ 39. Kc4
a6 40. b4 Qe2+ 41. Bd3 Qe6+ 42. Kc3 Qxg4 0-1

[Event "Challenge"]
[Site "http://www.queenalice.com/game.php?id=1595281"]
[Date "2020.1.5"]
[Round "-"]
[White "Alain91"]
[Black "maurice91"]
[Result "1-0"]
[WhiteElo "2108"]
[BlackElo "1838"]

1. e4 d6 2. f4 Nd7 3. Nf3 e5 4. Bc4 exf4 5. O-O Be7 6. d3 g5 7. Nc3 Ne5 8. Bb3
Nf6 9. Nxg5 Bg4 10. Nf3 Rg8 11. Qe1 Bxf3 12. g3 Bg4 13. Bxf4 Bh3 14. Rf2 Nfg4
15. Bxe5 Nxe5 16. d4 Bh4 17. dxe5 Bxg3 18. Bxf7+ Ke7 19. Nd5+ Kd7 20. Nf6+ Qxf6
21. exf6 Bxf2+ 22. Kxf2 Rg2+ 23. Ke3 Rf8 24. Qh4 Rxh2 25. Qg3 Rxc2 26. Qxh3+ Kd8
27. Bb3 Rxb2 28. Qe6 Rh2 29. Qe7+ 1-0

[Event "Challenge"]
[Site "http://www.queenalice.com/game.php?id=1595351"]
[Date "2020.1.6"]
[Round "-"]
[White "Alain91"]
[Black "maurice91"]
[Result "1-0"]
[WhiteElo "2112"]
[BlackElo "1833"]

1. e4 d6 2. f4 Nd7 3. Nf3 e5 4. Bc4 Ngf6 5. d3 g6 6. O-O Bg7 7. f5 Nb6 8. Bb3
gxf5 9. exf5 Bxf5 10. Qe1 Qd7 11. Nd4 Be6 12. Nxe6 fxe6 13. a4 a5 14. Nc3 O-O-O
15. Be3 Nbd5 16. Nxd5 exd5 17. Qxa5 Kb8 18. Qa7+ Kc8 19. Qa8# 1-0

[Event "Challenge"]
[Site "http://www.queenalice.com/game.php?id=1595352"]
[Date "2020.1.6"]
[Round "-"]
[White "maurice91"]
[Black "Alain91"]
[Result "0-1"]
[WhiteElo "1800"]
[BlackElo "2119"]

1. d4 d5 2. Bf4 e6 3. Nf3 Bd6 4. Ne5 Ne7 5. e3 f6 6. Qh5+ g6 7. Nxg6 Nxg6 8. Qh6
Nc6 9. Qg7 Bf8 10. Qxc7 e5 11. Qxd8+ Nxd8 12. dxe5 fxe5 13. Bb5+ Nc6 14. Bg5 Be7
15. Bh6 Bd7 16. c3 O-O-O 17. Nd2 e4 18. Bg7 Rhg8 19. Bd4 Nxd4 20. Bxd7+ Rxd7 21.
exd4 Nf4 22. Rg1 Nd3+ 23. Ke2 Bd6 24. b3 Rf7 25. f3 Nf4+ 26. Kf2 Rfg7 27. fxe4
Rxg2+ 28. Rxg2 Rxg2+ 29. Ke3 Re2+ 30. Kf3 dxe4+ 31. Kg4 Rxd2 32. h4 e3 33. Re1
e2 34. Kf3 Rxa2 35. c4 Bb4 36. Rg1 Ng6 37. h5 Nh4+ 38. Kg4 e1=Q 39. Rxe1 Bxe1
40. Kg5 Ra6 41. b4 Nf3+ 0-1

[Event "Challenge"]
[Site "http://www.queenalice.com/game.php?id=1595381"]
[Date "2020.1.6"]
[Round "-"]
[White "Alain91"]
[Black "maurice91"]
[Result "1-0"]
[WhiteElo "2121"]
[BlackElo "1761"]

1. e4 c6 2. f4 d6 3. Nf3 Nd7 4. Bc4 g6 5. O-O Bg7 6. c3 Nh6 7. d4 O-O 8. f5 gxf5
9. exf5 Nxf5 10. Na3 d5 11. Bd3 Nf6 12. Ne5 Nd6 13. Nc2 Nfe4 14. Qh5 Qe8 15. Bh6
f6 16. Qxe8 Rxe8 17. Bxg7 Kxg7 18. Nf3 e5 19. dxe5 fxe5 20. Rad1 Bg4 21. Be2 Re7
22. Ne3 Bxf3 23. Bxf3 Rf8 24. Bxe4 Nxe4 25. Nf5+ Rxf5 26. Rxf5 Nf6 27. Rdf1 Re6
28. h3 h5 29. R1f3 Kg6 30. h4 e4 31. Rg5+ Kf7 32. Rff5 Ke7 33. Rg7+ Kd6 34. Rxb7
e3 35. Kf1 Ne4 36. Ke1 e2 37. Rxa7 Ng3 38. Rf3 Re4 39. Rxg3 Rxh4 40. Kxe2 Rh1
41. b4 Rb1 42. Ra6 Rb2+ 43. Kd3 Kc7 44. Rg7+ Kd6 45. Rg6+ Ke5 46. Raxc6 Rxa2 47.
Rce6+ Kf5 48. g3 Rh2 49. Kd4 Rd2+ 50. Ke3 Rc2 51. b5 Rxc3+ 52. Kd4 Rb3 53. Ref6#
1-0

[Event "Challenge"]
[Site "http://www.queenalice.com/game.php?id=1595382"]
[Date "2020.1.6"]
[Round "-"]
[White "maurice91"]
[Black "Alain91"]
[Result "0-1"]
[WhiteElo "1759"]
[BlackElo "2122"]

1. d4 d5 2. Bf4 e6 3. e3 Bd6 4. Bg3 Nf6 5. Nf3 O-O 6. Nbd2 Nbd7 7. Ne5 Bxe5 8.
dxe5 Ne8 9. f4 f6 10. exf6 Nexf6 11. h3 Nc5 12. c3 Nce4 13. Nxe4 Nxe4 14. Bh2 c6
15. g3 Qb6 16. Qe2 e5 17. Bg2 exf4 18. gxf4 Bd7 19. Bxe4 dxe4 20. Bg3 Rf5 21.
O-O-O Be8 22. Rd4 Bh5 23. Qc2 Bf3 24. Rg1 c5 25. Rd7 Rd8 26. Rxd8+ Qxd8 27. Be1
b6 28. c4 Qd7 29. Bc3 Rf7 30. b3 Qxh3 31. Kb2 Qd7 32. Be5 Qd3 33. Qxd3 exd3 34.
Kc3 Be2 35. Kd2 g6 36. a3 Rf5 37. e4 Rh5 38. f5 g5 39. Bf4 h6 40. Be3 Kf7 41. e5
Rh2 42. Ke1 Bf3 43. Bf2 d2+ 44. Kxd2 Rxf2+ 45. Ke3 Re2+ 46. Kxf3 Rxe5 47. Kg4
Re4+ 48. Kh5 Kg7 49. f6+ Kxf6 50. Rf1+ Kg7 51. Rf3 Rh4# 0-1

[Event "Challenge"]
[Site "http://www.queenalice.com/game.php?id=1595516"]
[Date "2020.1.7"]
[Round "-"]
[White "maurice91"]
[Black "Alain91"]
[Result "0-1"]
[WhiteElo "1777"]
[BlackElo "2123"]

1. d4 d5 2. Bf4 e6 3. Nf3 Nf6 4. Nbd2 Bd6 5. Ne5 Nc6 6. Ndf3 Nd7 7. e3 O-O 8.
Bb5 Ncxe5 9. dxe5 Bc5 10. Nd4 Bxd4 11. exd4 c6 12. Bd3 f6 13. Qh5 f5 14. g4 Nb6
15. g5 g6 16. Qh6 Na4 17. h4 Bd7 18. h5 Be8 19. hxg6 Bxg6 20. Be2 c5 21. b3 Nc3
22. Bh5 Qe8 23. Be3 cxd4 24. Bxd4 Ne4 25. Bxg6 Qxg6 26. f4 b6 27. Ke2 Ng3+ 28.
Kf3 Nxh1 29. Rxh1 Rac8 30. c3 Rc7 31. a4 Rff7 32. Qh2 Rg7 33. Qg2 Kf8 34. Rh6
Qe8 35. Qh3 Rg6 36. Rh4 Qc8 37. Ke2 Kg8 38. Kd2 Qf8 39. b4 Qe8 40. a5 bxa5 41.
bxa5 Qa4 42. Kd3 Qb5+ 43. Kd2 Qxa5 44. Qe3 Qa2+ 45. Kc1 Rb7 46. c4 Rb1# 0-1

[Event "Challenge"]
[Site "http://www.queenalice.com/game.php?id=1595517"]
[Date "2020.1.7"]
[Round "-"]
[White "Alain91"]
[Black "maurice91"]
[Result "1/2-1/2"]
[WhiteElo "2125"]
[BlackElo "1775"]

1. e4 c6 2. f4 d6 3. Nf3 Nd7 4. Bc4 Ngf6 5. d3 a5 6. a3 e6 7. O-O d5 8. exd5
cxd5 9. Ba2 d4 10. Nxd4 Bc5 11. c3 O-O 12. Kh1 Bxd4 13. cxd4 Nb6 14. Nc3 Qxd4
15. Nb5 Qc5 16. a4 Bd7 17. d4 Qc6 18. b3 Nbd5 19. Bd2 Qc8 20. Rc1 Qb8 21. Na3
Nb4 22. Bxb4 axb4 23. Nc4 Nd5 24. Ne5 Rd8 25. Qh5 Be8 26. Bb1 g6 27. Qh4 Nc3 28.
Bd3 Rxd4 29. Qf6 Qd8 30. Qxd8 Raxd8 31. Bc4 Bxa4 32. Bxe6 fxe6 33. bxa4 Nxa4 34.
Rc7 Rd1 35. Kg1 Rxf1+ 36. Kxf1 b5 37. Nc6 Rd1+ 38. Ke2 Rb1 39. Nd4 Nc3+ 40. Kf3
Nd5 41. Rc8+ Kf7 42. Nxb5 b3 43. Na3 Ra1 44. Nc4 Kg7 45. Rb8 Rb1 46. Nd2 Rb2 47.
Nxb3 Nc3 48. Rb7+ Kf6 49. Nc5 Rxb7 50. Nxb7 h5 51. Nc5 Nd5 52. g3 Ne7 53. Ke4
Nc8 54. Nd7+ Ke7 55. Ne5 Kf6 56. Nd7+ 1/2-1/2

[Event "Challenge"]
[Site "http://www.queenalice.com/game.php?id=1595660"]
[Date "2020.1.8"]
[Round "-"]
[White "Alain91"]
[Black "maurice91"]
[Result "1-0"]
[WhiteElo "2114"]
[BlackElo "1777"]

1. e4 c6 2. f4 d6 3. Nf3 Nd7 4. Bc4 Ngf6 5. d3 e6 6. O-O d5 7. exd5 cxd5 8. Bb3
Bc5+ 9. d4 Bb6 10. c3 a5 11. Nbd2 a4 12. Bc2 a3 13. b3 Qe7 14. Ne5 Nxe5 15. fxe5
Nd7 16. Nf3 Ba7 17. Ng5 f6 18. Nxh7 f5 19. Qh5+ Kd8 20. Bg5 Nf6 21. exf6 gxf6
22. Bxf6 Qxf6 23. Nxf6 Rxh5 24. Nxh5 Bd7 25. Nf4 Bb8 26. Nd3 b6 27. Rf3 Bd6 28.
Rh3 Kc7 29. Rh7 Rg8 30. Rf1 Kc8 31. Ne5 Bxe5 32. dxe5 Kc7 33. Bd1 b5 34. Rf4 Kd8
35. h3 Bc6 36. Ra7 d4 37. Rxd4+ Kc8 38. Rd2 Bd5 39. c4 bxc4 40. bxc4 Bb7 41.
Rxa3 f4 42. Bf3 1-0

[Event "Challenge"]
[Site "http://www.queenalice.com/game.php?id=1595661"]
[Date "2020.1.8"]
[Round "-"]
[White "maurice91"]
[Black "Alain91"]
[Result "0-1"]
[WhiteElo "1786"]
[BlackElo "2119"]

1. d4 d5 2. Bf4 e6 3. Nf3 Bd6 4. Ne5 f6 5. Nd3 Nc6 6. c3 Nge7 7. e3 Ng6 8. Bg3
O-O 9. Nd2 e5 10. dxe5 fxe5 11. f4 exf4 12. Nxf4 Nxf4 13. exf4 Bxf4 14. Bxf4
Rxf4 15. Nf3 Bg4 16. Be2 Ne7 17. O-O c6 18. Qb3 Qc7 19. Rad1 Nf5 20. c4 Re8 21.
Rd2 Qb6+ 22. Qxb6 axb6 23. cxd5 cxd5 24. Bb5 Rd8 25. Ne5 Rxf1+ 26. Kxf1 Ne3+ 27.
Kf2 d4 28. Nxg4 Nxg4+ 29. Kg3 Nf6 30. Rd3 Ne4+ 31. Kf4 Nf6 32. Rh3 g6 33. Bc4+
Kg7 34. g4 Nd5+ 35. Bxd5 Rxd5 36. Ke4 Rb5 37. b3 Rg5 38. Rg3 Kf6 39. Rf3+ Ke6
40. h3 Rd5 41. b4 d3 42. Rxd3 Rxd3 43. Kxd3 Kd5 44. a4 b5 45. a5 Ke5 46. Ke3 g5
47. Kf3 Kd4 48. h4 h6 49. Kg3 Kc4 50. hxg5 hxg5 51. Kf3 Kxb4 52. Ke4 Kxa5 53.
Kf5 b4 54. Kxg5 b3 55. Kf6 b2 56. g5 b1=Q 0-1

[Event "Challenge"]
[Site "http://www.queenalice.com/game.php?id=1596096"]
[Date "2020.1.12"]
[Round "-"]
[White "maurice91"]
[Black "Alain91"]
[Result "0-1"]
[WhiteElo "1768"]
[BlackElo "2118"]

1. d4 d5 2. Bf4 e6 3. Nf3 Nf6 4. Nbd2 Bd6 5. Ne5 Bxe5 6. dxe5 Nfd7 7. h3 O-O 8.
Bg3 f6 9. f4 Nc6 10. e4 fxe5 11. exd5 exd5 12. fxe5 Ncxe5 13. Nf3 Nxf3+ 14. gxf3
c6 15. Kf2 Qb6+ 16. Kg2 Nf6 17. b3 Nh5 18. Bd6 Rf7 19. Qd2 Qd8 20. Bh2 Qh4 21.
c4 Qxh3+ 22. Kf2 Qxf3+ 23. Kg1 Qg4+ 24. Bg2 Bf5 25. Bd6 Re8 26. Rf1 Re2 27. Rxh5
Qxg2# 0-1

[Event "Challenge"]
[Site "http://www.queenalice.com/game.php?id=1596097"]
[Date "2020.1.12"]
[Round "-"]
[White "Alain91"]
[Black "maurice91"]
[Result "0-1"]
[WhiteElo "2121"]
[BlackElo "1783"]

1. e4 g6 2. f4 d6 3. Nf3 Bg7 4. Bc4 h6 5. O-O Nd7 6. a3 c6 7. d3 Qc7 8. c3 e5 9.
f5 g5 10. h3 Ngf6 11. Nbd2 g4 12. hxg4 d5 13. exd5 cxd5 14. Ba2 Nxg4 15. Nh4 h5
16. Ndf3 Ndf6 17. Qe1 O-O 18. d4 e4 19. Ne5 Re8 20. Bf4 Qb6 21. b4 Bd7 22. Nxd7
Nxd7 23. Bxd5 Ndf6 24. Ba2 Rac8 25. g3 Qc6 26. c4 b5 27. c5 Nd5 28. Kg2 Bxd4 29.
Kh3 Bxa1 30. Qxa1 Nxf4+ 31. gxf4 e3 32. f6 e2 33. Rg1 Re3+ 34. Rg3 e1=Q 35.
Bxf7+ Kxf7 36. Qa2+ Qe6 37. Qc2 Qxg3# 0-1

[Event "Challenge"]
[Site "http://www.queenalice.com/game.php?id=1596109"]
[Date "2020.1.13"]
[Round "-"]
[White "maurice91"]
[Black "Alain91"]
[Result "1/2-1/2"]
[WhiteElo "1768"]
[BlackElo "2104"]

1. d4 d5 2. Bf4 e6 3. Nf3 Nf6 4. Nbd2 Bd6 5. Ne5 Bxe5 6. dxe5 Nfd7 7. Bg3 O-O 8.
f4 Nc6 9. Nf3 f6 10. e3 fxe5 11. fxe5 Qe8 12. Bb5 Ne7 13. O-O c6 14. Be2 Rf5 15.
Bd3 Rh5 16. h4 Ng6 17. Bf2 Ngxe5 18. Nxe5 Nxe5 19. g3 Nxd3 20. cxd3 e5 21. Kg2
Qg6 22. Kh2 Bg4 23. Qd2 Rf8 24. Rae1 e4 25. Bg1 Qd6 26. Rf4 Bf3 27. dxe4 Bxe4
28. Rxe4 g5 29. Rg4 Rxh4+ 30. Rxh4 gxh4 31. Bf2 Rf3 32. Rg1 Qf6 33. Rg2 Qe5 34.
Kg1 h3 35. Rh2 Qh5 36. Qe1 Qg4 37. Qf1 Qf5 38. Qxh3 Rxf2 39. Qxh7+ Qxh7 40. Rxh7
Rxb2 41. Rc7 Rb4 42. a3 Rb3 43. Kf2 a5 44. a4 Rb4 45. Kf3 Rxa4 46. Rxb7 Rc4 47.
g4 a4 48. Ra7 d4 49. exd4 Rxd4 50. g5 c5 51. Rc7 c4 52. Ke3 Rg4 53. g6 a3 54.
Ra7 Rxg6 55. Kd4 Rg4+ 56. Kc3 Kf8 57. Rxa3 Rg3+ 58. Kb4 Rxa3 59. Kxa3 c3 60. Kb3
1/2-1/2

[Event "Challenge"]
[Site "http://www.queenalice.com/game.php?id=1596110"]
[Date "2020.1.13"]
[Round "-"]
[White "Alain91"]
[Black "maurice91"]
[Result "1-0"]
[WhiteElo "2116"]
[BlackElo "1770"]

1. e4 d6 2. f4 g6 3. Nf3 Bg7 4. Bc4 e5 5. d3 Qe7 6. O-O Be6 7. Bxe6 Qxe6 8. Ng5
Qe7 9. Nc3 Nh6 10. Nd5 c6 11. Nxe7 Kxe7 12. c3 f6 13. Nh3 Nf7 14. d4 Nd7 15. f5
g5 16. Qb3 Kd8 17. Qxf7 Bf8 18. dxe5 dxe5 19. Rd1 Bc5+ 20. Kh1 1-0

[Event "Challenge"]
[Site "http://www.queenalice.com/game.php?id=1596312"]
[Date "2020.1.14"]
[Round "-"]
[White "maurice91"]
[Black "Alain91"]
[Result "0-1"]
[WhiteElo "1771"]
[BlackElo "2102"]

1. d4 d5 2. Bf4 e6 3. Nf3 Bd6 4. Ne5 Bxe5 5. dxe5 f6 6. Bg3 fxe5 7. e4 Nc6 8.
exd5 exd5 9. c4 Nf6 10. cxd5 Qxd5 11. Nc3 Qa5 12. Be2 Bd7 13. O-O O-O-O 14. a3
Nd4 15. b4 Qb6 16. Nd5 Nxd5 17. Bxe5 Nxe2+ 18. Qxe2 Rhe8 19. Qb2 g6 20. Rfd1 Ba4
21. Rdc1 Qe6 22. Bd4 Nf4 23. Be3 Nd3 24. Rxc7+ Kxc7 25. Qc3+ Kb8 26. Qg7 Ne5 27.
Qxh7 Rh8 28. Qg7 Rdg8 29. Qxh8 Rxh8 30. Bf4 Ka8 31. Rc1 Nd3 0-1

[Event "Challenge"]
[Site "http://www.queenalice.com/game.php?id=1596313"]
[Date "2020.1.14"]
[Round "-"]
[White "Alain91"]
[Black "maurice91"]
[Result "1-0"]
[WhiteElo "2099"]
[BlackElo "1774"]

1. e4 g6 2. Nf3 d6 3. Bc4 Bg7 4. c3 Nf6 5. d3 Nbd7 6. a3 a5 7. O-O a4 8. Ng5 e6
9. f4 Nb6 10. Ba2 O-O 11. f5 d5 12. e5 Nh5 13. fxg6 hxg6 14. d4 Qe7 15. Be3 Nc4
16. Bxc4 dxc4 17. Ne4 b5 18. Bg5 f6 19. exf6 Bxf6 20. Nxf6+ Nxf6 21. Qf3 Kg7 22.
Qxa8 Qd7 23. Nd2 c5 24. Bxf6+ Rxf6 25. Rxf6 Kxf6 26. Ne4+ Kg7 27. Nxc5 Qe8 28.
Qe4 Qe7 29. Rf1 g5 30. Qe5+ Kg6 31. Ne4 Bb7 32. Rf6+ 1-0

[Event "Challenge"]
[Site "http://www.queenalice.com/game.php?id=1596434"]
[Date "2020.1.15"]
[Round "-"]
[White "maurice91"]
[Black "Alain91"]
[Result "0-1"]
[WhiteElo "1848"]
[BlackElo "2065"]

1. d4 d5 2. Bf4 e6 3. Nd2 Nf6 4. Ngf3 Bd6 5. Ne5 Bxe5 6. dxe5 Ne4 7. h3 Nc6 8.
Nxe4 dxe4 9. Qxd8+ Nxd8 10. O-O-O O-O 11. e3 b6 12. Bb5 Bb7 13. Rd7 Rc8 14. Rhd1
a6 15. Be2 Bc6 16. R7d2 b5 17. f3 Bd5 18. fxe4 Bxe4 19. Bf3 Bf5 20. g4 Bg6 21.
e4 Nb7 22. b4 a5 23. a3 axb4 24. axb4 Ra8 25. Kb2 Nd8 26. Bg5 Nc6 27. Be2 Nxe5
28. Bxb5 Nf3 29. Rd8 Nxg5 30. Rxf8+ Rxf8 31. Rd7 Nxh3 32. Rxc7 Bxe4 33. Be2 Nf4
34. Bd1 g6 35. c4 Rd8 36. Kc1 Nd3+ 37. Kd2 Nxb4+ 38. Kc3 Nd3 39. Bc2 Nf2 40.
Bxe4 Nxe4+ 41. Kb4 Nf6 42. g5 Ne4 43. Kb5 Nxg5 44. Kc6 e5 45. Kb7 Ne6 46. Rc8
Rxc8 47. Kxc8 e4 0-1

[Event "Challenge"]
[Site "http://www.queenalice.com/game.php?id=1596435"]
[Date "2020.1.15"]
[Round "-"]
[White "Alain91"]
[Black "maurice91"]
[Result "0-1"]
[WhiteElo "2092"]
[BlackElo "1806"]

1. e4 c6 2. f4 g5 3. Nf3 g4 4. Ne5 h5 5. Bc4 e6 6. O-O d5 7. exd5 cxd5 8. Bb3
Nc6 9. c3 Bg7 10. d4 Nf6 11. Na3 b6 12. Nc2 Bb7 13. Ne3 O-O 14. f5 Ne4 15. fxe6
fxe6 16. Ng6 Rxf1+ 17. Qxf1 Qf6 18. Nf4 Qh6 19. g3 Rf8 20. Neg2 Ne7 21. Qb5 Bc6
22. Qa6 Rxf4 23. Nxf4 Qh7 24. Qxa7 Kf7 25. Ng2 Qf5 26. Bf4 Bf6 27. Rf1 Qg6 28.
Be3 b5 29. Nh4 Qg7 30. Nf5 exf5 31. Rxf5 Kg6 32. Rf1 h4 33. a4 hxg3 34. Rf4
gxh2+ 35. Kg2 g3 36. Rg4+ Bg5 37. Bc2 Kf5 38. Qd7+ Bxd7 0-1

[Event "Challenge"]
[Site "http://www.queenalice.com/game.php?id=1596854"]
[Date "2020.1.20"]
[Round "-"]
[White "maurice91"]
[Black "Alain91"]
[Result "1-0"]
[WhiteElo "1841"]
[BlackElo "2079"]

1. d4 d5 2. Bf4 e6 3. Nf3 Nf6 4. e3 Bd6 5. Ne5 Bxe5 6. dxe5 Nfd7 7. Bg3 Na6 8.
Bxa6 bxa6 9. Qd2 f6 10. Qc3 O-O 11. Nd2 fxe5 12. Bxe5 Nxe5 13. Qxe5 Rf5 14. Qc3
c6 15. Qxc6 Bd7 16. Qxa6 Qf6 17. Qb7 Qd8 18. Qa6 Qc7 19. c3 Rb8 20. Nb3 Bb5 21.
Qxe6+ Rf7 22. Nd4 Re8 23. Qxd5 Re5 24. Qb3 Bc4 25. Qc2 Qb7 26. Nf3 Rb5 27. b3
Be6 28. Rg1 Bf5 29. Qc1 Rd5 30. Nd4 Be4 31. f3 Bg6 32. e4 Rh5 33. h3 Qc7 34. Qe3
Qg3+ 35. Qf2 Qf4 36. Ne2 Qe5 37. O-O-O Bxe4 38. Rd8+ Rf8 39. Rxf8+ Kxf8 40.
fxe4+ Kg8 41. Qf3 1-0

[Event "Challenge"]
[Site "http://www.queenalice.com/game.php?id=1596855"]
[Date "2020.1.20"]
[Round "-"]
[White "Alain91"]
[Black "maurice91"]
[Result "1-0"]
[WhiteElo "2072"]
[BlackElo "1848"]

1. e4 c6 2. f4 g5 3. Nf3 g4 4. Ne5 h5 5. Bc4 e6 6. d4 d5 7. exd5 cxd5 8. Bb3 Bg7
9. O-O Nc6 10. c3 Nf6 11. Na3 a6 12. Nc2 Na5 13. Ba4+ b5 14. Bb3 Nxb3 15. axb3
Bb7 16. Ne3 Ne4 17. f5 f6 18. Ng6 Rg8 19. fxe6 Qc7 20. Nf5 g3 21. h3 O-O-O 22.
Nge7+ Kb8 23. Nxg8 Rxg8 24. Bf4 Nf2 25. Bxc7+ Kxc7 26. Qxh5 Rh8 27. Qf7+ Kb6 28.
Qxg7 Nxh3+ 29. gxh3 Rxh3 30. e7 Rh2 31. Nxg3 Rxb2 32. Rxf6+ Bc6 33. e8=Q 1-0

[Event "Challenge"]
[Site "http://www.queenalice.com/game.php?id=1596977"]
[Date "2020.1.21"]
[Round "-"]
[White "maurice91"]
[Black "Alain91"]
[Result "1-0"]
[WhiteElo "1841"]
[BlackElo "2009"]

1. d4 d5 2. Bf4 e6 3. Nf3 Bd6 4. Ne5 Bxe5 5. dxe5 f6 6. c4 fxe5 7. Bxe5 Nf6 8.
cxd5 Nxd5 9. e4 Nf6 10. Qxd8+ Kxd8 11. Bxf6+ gxf6 12. Nc3 Ke7 13. Be2 c6 14. Bf3
Nd7 15. O-O-O Ne5 16. Be2 Bd7 17. f4 Nf7 18. g4 b5 19. a3 Rab8 20. Na2 a5 21.
Kb1 e5 22. f5 h6 23. Nc1 Ng5 24. Bd3 Nh3 25. Rhf1 Ng5 26. h4 Nf7 27. Nb3 Ra8 28.
Nc5 Nd6 29. Bc2 Rhg8 30. Rg1 Rad8 31. Rg2 Nc4 32. Rg3 Bc8 33. Rxd8 Rxd8 34. g5
hxg5 35. hxg5 Nd2+ 36. Kc1 Nf1 37. Rg2 Ne3 38. gxf6+ Kxf6 39. Rg6+ Kf7 40. Rxc6
Rh8 41. Bb3+ Kg7 42. Rg6+ Kf8 43. Ne6+ Bxe6 44. Rxe6 Rh1+ 45. Kd2 Nf1+ 46. Ke2
Ng3+ 47. Kf3 Nh5 48. Rg6 Nf4 49. Rg8+ Ke7 50. Rb8 Rh3+ 51. Kg4 Rxb3 52. Ra8 a4
53. Ra7+ Kd8 54. f6 Ke8 55. Kf5 1-0

[Event "Challenge"]
[Site "http://www.queenalice.com/game.php?id=1596978"]
[Date "2020.1.21"]
[Round "-"]
[White "Alain91"]
[Black "maurice91"]
[Result "1-0"]
[WhiteElo "2053"]
[BlackElo "1863"]

1. e4 d6 2. f4 Nd7 3. Nf3 g6 4. Bc4 Bg7 5. c3 e6 6. O-O Nb6 7. Bb3 Bd7 8. d4 Ne7
9. Na3 O-O 10. Nc2 Rc8 11. Ne3 a5 12. a3 c5 13. d5 c4 14. Ba2 e5 15. f5 gxf5 16.
exf5 Nxf5 17. Nxf5 Bxf5 18. Ng5 Bg6 19. Bb1 Qe7 20. Qe1 Nd7 21. Ne4 f5 22. Ng5
Rc5 23. Ne6 Rxd5 24. Nxf8 Bxf8 25. Ba2 b5 26. b3 Nb6 27. Be3 Qc7 28. Qh4 Rd3 29.
Bxb6 Qxb6+ 30. Kh1 Rxc3 31. bxc4 bxc4 32. Bxc4+ Kg7 33. Be6 Qb5 34. Bxf5 Rxa3
35. Bxg6 hxg6 36. Qf6+ Kh7 37. Qf7+ Bg7 38. Rxa3 1-0